| 000 | 00568cam a2200181 4500500 | ||
|---|---|---|---|
| 005 | 20260405003956.0 | ||
| 041 | _afre | ||
| 042 | _adc | ||
| 100 | 1 | 0 |
_aHirsch, Michael _eauthor |
| 700 | 1 | 0 |
_aEnjalbert, Cédric _eauthor |
| 245 | 0 | 0 | _aMichaël Hirsch : à tu et à joie |
| 260 | _c2025. | ||
| 500 | _a17 | ||
| 690 | _aComique | ||
| 690 | _aMichaël Hirsch | ||
| 786 | 0 | _nPhilosophie magazine | 194 | 11 | 2025-11-01 | p. 161-161 | 1951-1787 | |
| 856 | 4 | 1 | _uhttps://shs.cairn.info/magazine-philosophie-magazine-2025-11-page-161?lang=fr&redirect-ssocas=7080 |
| 999 |
_c2072566 _d2072566 |
||